00785nam a2200205 a 450000100100000000500170001000800410002702000150006804000250008308200150010810000290012324501350015226000330028730000210032050000320034150400330037370000430040695201130044999900170056200004090020201002034449.0130911s1986 sp 000 0 spa d a847490143X aDO-SdBNPbspacBNPHU axxxxbxxxx1 aAllegra, Giovanni96733013aEl reino interior :bPremisas y semblanzas del modernismo en España /cGiovanni Allegra ; traducción Vicente Martín Pindado. aMadrid, :bEncuentro,c1986. a410 p. ;c23 cm. aIncluye índice de autores aBibliografías : p. 389-3911 aMartín Pindado, Vicente,etr.949688 001050718MOaGRbGRcHDd2013-09-11iLF1l0oxxxx xxxxp40900-10r2020-06-25w2020-06-25y1ZNo se presta c40390d40390